| 000 | 01676cam a22004214i 4500 | ||
|---|---|---|---|
| 003 | PE-LiUPU | ||
| 005 | 20250731173244.0 | ||
| 008 | 150625s r 000 0 d | ||
| 035 | _a(Sirsi) a35398 | ||
| 040 |
_aPE-LiUPU _bspa _cPE-LiUPU _erda |
||
| 082 | 0 | 4 |
_a232.908 _bA15 / P45 _221 |
| 100 | 1 |
_aPerrot, Charles, _eautor. |
|
| 245 | 1 | 0 |
_aJesus y la Historia / _cCharles Perrot. |
| 264 | 1 |
_aMadrid : _bCristiandad, _c1982. |
|
| 300 |
_a265 páginas ; _c21 cm. |
||
| 336 |
_atext _2rdacontent |
||
| 337 |
_aunmediated _2rdamedia |
||
| 338 |
_avolume _2rdacarrier |
||
| 505 | 0 | _aLos evangelios y la historia. -Jesus y la cuestión histórica. -Jesus en el entorno y en el tiempo. -Jesus y el judaismo. -Jesus y el movimiento bautista. -Jesus el templo y la ley. -El profeta del reino de Dios y el hijo del hombre. -Jesus el profeta. -los signos del reino de Dios. -El hijo del hombre. -Jesus y el padre. -El nacimiento de la historia cristiana. -El pan, la palabra cristiana. | |
| 526 | _aSEG42 | ||
| 526 | _aSEG41 | ||
| 526 | _aSEG40 | ||
| 526 | _aSEG39 | ||
| 526 | _aP94 | ||
| 526 | _aP87 | ||
| 526 | _aP86 | ||
| 526 | _aP85 | ||
| 526 | _aP77 | ||
| 526 | _aP76 | ||
| 526 | _aP35 | ||
| 600 | 1 | _aJesucristo | |
| 910 | _a | ||
| 942 |
_2ddc _cBOOK |
||
| 949 |
_a232.908 A15 / P45 _wDEWEY _c1 _i37271 _lCCODEBUL1 _mBUL _p00.00 _r0 _sY _tBOOK _u2015-06-25 _xBIBLIOTECA _zUNKNOWN _0COMPRA _o.STAFF. Colección General |
||
| 596 | _a1 | ||
| 999 |
_a232.908 A15 / P45 _wDEWEY _c43357 _i37271 _f2021-11-10 _g5 _lCCODEBUL1 _mBUL _r0 _sY _tBOOK _u2015-6-25 _xTEOLOGIA _zUNKNOWN _0COMPRA _o.STAFF. Colección General _d43357 |
||
| 980 |
_81 _gALBERTO SANCHEZ Responsable de Automatización |
||